Historia general de España. Tomo II / compuesta, enmendada, y añadida por el padre de Iuan de Mariana, de la compañía de Iesus, con el sumario y las tablas ; y aora nuevamente añadido en esta ultima impresion por Don Felix Lucio de Espinosa Maso
Descripción Física:
622 p. ; 29,5 cm
Materias:
Espanya -- Història
MARC
| LEADER | 00000nam a2200000Ia 4500 | ||
|---|---|---|---|
| 001 | 12865 | ||
| 008 | 160829s1678 xx 000 0 cat d | ||
| 080 | |a R-12-27 | ||
| 100 | |a Mariana, Juan de |9 34447 | ||
| 245 | |a Historia general de España. Tomo II / compuesta, enmendada, y añadida por el padre de Iuan de Mariana, de la compañía de Iesus, con el sumario y las tablas ; y aora nuevamente añadido en esta ultima impresion por Don Felix Lucio de Espinosa Maso | ||
| 260 | |a Madrid : |b Andrés García de la Iglesia (Impr.), |c 1678 | ||
| 300 | |a 622 p. ; |c 29,5 cm | ||
| 590 | |a Enquadernació en pell. | ||
| 590 | |a Conté índex. | ||
| 590 | |a Juan de Mariana també conegut com Ivan de Mariana | ||
| 651 | 0 | |a Espanya |x Història |9 55573 | |
| 901 | |a Arxiu | ||
| 942 | |n 1 | ||
| 952 | |0 0 |1 0 |4 0 |6 R1227 |7 1 |9 46515 |a Arxiu |b Arxiu |d 2016-12-01 |l 0 |o R-12-27 |p 12865 |r 2016-12-01 00:00:00 |w 2016-12-01 |y ARXIU | ||
| 999 | |c 50306 |d 50306 | ||